[Event "NATO-ch 34th"]
[Site "Rhodes"]
[Date "2024.10.24"]
[Round "5"]
[White "Kapsomenakis, Petros"]
[Black "Coulon, Dominic"]
[Result "1-0"]
[WhiteElo "1914"]
[BlackElo "1813"]
[PlyCount "82"]
[EventDate "2024.10.21"]
[EventType "swiss"]
[EventRounds "7"]
[EventCountry "GRE"]
[SourceTitle "CB44_2024"]
[Source "Chessbase"]
[SourceDate "2024.10.30"]
[SourceVersion "1"]
[SourceVersionDate "2024.10.30"]
[SourceQuality "1"]

1. d4 c5 2. c3 cxd4 3. cxd4 Nf6 4. Nf3 d6 5. h3 Qb6 6. Qc2 Nc6 7. e3 g6 8. Nbd2 d5 9. a3 Bg7 10. Bd3 0-0 11. 0-0 Ne8 12. Rb1 e5 13. dxe5 Nxe5 14. Nxe5 Bxe5 15. Nf3 Bg7 16. Bd2 Be6 17. Bc3 Rc8 18. Nd4 Nd6 19. Qe2 Ne4 20. Nxe6 Qxe6 21. Bb4 Rfd8 22. Rbc1 Nd6 23. Rfd1 Ne4 24. Bb1 Rc6 25. f3 Ng3 26. Qf2 Rxc1 27. Rxc1 Nf5 28. Bxf5 Qxf5 29. Qc2 Qe5 30. Kf2 Bf6 31. g3 d4 32. e4 d3 33. Qd2 Qd4+ 34. Kg2 Qxb2 35. Qxb2 Bxb2 36. Rd1 b6 37. Rd2 Be5 38. f4 Bc7 39. Kf3 a5 40. Bc3 b5 41. e5 Rd4 1-0

[Event "NATO-ch 34th"]
[Site "Rhodes"]
[Date "2024.10.22"]
[Round "2"]
[White "Nielsen, Jan Mose"]
[Black "Kapsomenakis, Petros"]
[Result "1/2-1/2"]
[WhiteElo "2036"]
[BlackElo "1914"]
[PlyCount "151"]
[EventDate "2024.10.21"]
[EventType "swiss"]
[EventRounds "7"]
[EventCountry "GRE"]
[SourceTitle "CB44_2024"]
[Source "Chessbase"]
[SourceDate "2024.10.30"]
[SourceVersion "1"]
[SourceVersionDate "2024.10.30"]
[SourceQuality "1"]

1. d4 d5 2. Nf3 Nf6 3. Bg5 Bf5 4. e3 Nbd7 5. c4 c6 6. Nc3 e6 7. Bd3 Bg4 8. 0-0 Be7 9. a3 c5 10. dxc5 Nxc5 11. cxd5 Nxd3 12. Bxf6 Bxf6 13. Qa4+ Qd7 14. Qxg4 Nc5 15. Rad1 Bxc3 16. bxc3 0-0 17. dxe6 Qxe6 18. Qb4 b6 19. Rd4 Rac8 20. Rfd1 h6 21. h3 Rfe8 22. a4 Nb7 23. Rd7 Red8 24. Rxd8+ Rxd8 25. Nd4 Qc8 26. Rb1 Na5 27. Nb3 Rd5 28. Nxa5 Rxa5 29. Rd1 Rc5 30. Rd3 Qc6 31. Qf4 Qc8 32. Qb4 Qc6 33. Qb3 Qc7 34. g3 g6 35. Kh2 Kg7 36. Qb4 Rc4 37. Qb5 Rc6 38. Qd5 Kh7 39. Qf3 Kg7 40. Qg4 Rc4 41. Rd4 Rxc3 42. Rd7 Qc5 43. Rxa7 Rc2 44. Qf3 Qc4 45. Rd7 Qa2 46. Kg2 Rc5 47. Rd4 Rf5 48. Rf4 Ra5 49. Qc6 Qb2 50. Qd7 Qb3 51. Qd4+ Kg8 52. Qd7 Qd5+ 53. Qxd5 Rxd5 54. Rb4 Ra5 55. Kf3 Kf8 56. Ke2 Ke7 57. Kd3 Kd7 58. Kc3 Kc7 59. Rf4 f5 60. Kb4 Rd5 61. Rd4 Re5 62. Rh4 h5 63. Rc4+ Kb7 64. h4 Rd5 65. Rd4 Rc5 66. Rc4 Rd5 67. Kc3 Rd1 68. Rd4 Rf1 69. Rf4 Kc6 70. Kd2 Kd5 71. Ke2 Ra1 72. Rb4 Kc5 73. Rb5+ Kc6 74. Rb4 Kc5 75. Rd4 Rb1 76. Kd3 1/2-1/2

[Event "NATO-ch 33rd"]
[Site "Portoroz"]
[Date "2023.09.07"]
[Round "5"]
[White "Kapsomenakis, Petros"]
[Black "Bradley, William"]
[Result "1-0"]
[WhiteElo "1862"]
[BlackElo "1594"]
[PlyCount "91"]
[EventDate "2023.09.04"]
[EventType "swiss"]
[EventRounds "7"]
[EventCountry "SLO"]
[SourceTitle "CBM 216 Extra"]
[Source "ChessBase"]
[SourceDate "2023.11.30"]
[SourceVersion "1"]
[SourceVersionDate "2023.11.30"]
[SourceQuality "1"]

1. d4 Nf6 2. Nf3 g6 3. Bf4 Bg7 4. e3 0-0 5. Nbd2 d6 6. h3 b6 7. c3 Bb7 8. Be2 Nbd7 9. 0-0 Qe8 10. Nc4 Ne4 11. Nfd2 Nxd2 12. Nxd2 e5 13. Bh2 f5 14. Bf3 e4 15. Be2 Bh6 16. Nc4 d5 17. Ne5 Nxe5 18. Bxe5 c6 19. c4 f4 20. cxd5 cxd5 21. Bg4 Bc8 22. Re1 Qf7 23. Rc1 Bxg4 24. Qxg4 Qf5 25. Qxf5 Rxf5 26. Bxf4 Bxf4 27. exf4 Rxf4 28. Rc7 Rf7 29. Rec1 Raf8 30. Rxf7 Rxf7 31. Rc6 Rd7 32. Kf1 Kf7 33. Ke2 Ke7 34. Ke3 Rd6 35. Rc8 a5 36. Rc7+ Rd7 37. Rxd7+ Kxd7 38. Kf4 Ke6 39. Kg5 b5 40. g4 Kf7 41. Kh6 Kf6 42. h4 b4 43. b3 Kf7 44. Kxh7 Kf6 45. Kh6 Kf7 46. g5 1-0

[Event "Leros Artemis Cup 1st"]
[Site "Leros"]
[Date "2009.07.11"]
[Round "1"]
[White "Kapsomenakis, Petros"]
[Black "Timoshenko, Georgy"]
[Result "0-1"]
[WhiteElo "1929"]
[BlackElo "2556"]
[PlyCount "72"]
[EventDate "2009.07.11"]
[EventType "swiss"]
[EventRounds "9"]
[EventCountry "GRE"]
[SourceTitle "CBM 131 Extra"]
[Source "ChessBase"]
[SourceDate "2009.09.03"]
[SourceVersion "2"]
[SourceVersionDate "2009.09.16"]
[SourceQuality "1"]

1. d4 Nf6 2. Bf4 g6 3. Nf3 Bg7 4. e3 0-0 5. Bd3 d6 6. h3 Nfd7 7. c3 e5 8. dxe5 dxe5 9. Bh2 Qe7 10. Nbd2 Rd8 11. Bc4 Nb6 12. Bb3 a5 13. a3 Na6 14. Qe2 Bf5 15. e4 Bd7 16. 0-0 Nc5 17. Qe3 Bb5 18. Rfd1 Rd6 19. Qe1 Nxb3 20. Nxb3 Rxd1 21. Rxd1 Ba4 22. Nbd2 Bxd1 23. Qxd1 Rd8 24. Bg3 a4 25. Qe2 Qc5 26. Ne1 Bh6 27. Nef3 f6 28. Bh4 Kg7 29. g4 Bxd2 30. Nxd2 Qd6 31. Nf3 Qd1+ 32. Qxd1 Rxd1+ 33. Kg2 g5 34. Bg3 Nc4 35. h4 h6 36. hxg5 hxg5 0-1